[Event "Festival St-Denis"]
[Site "Montreal CAN"]
[Date "2017.07.23"]
[Round "2.5"]
[White "Saha, Ananda"]
[Black "Bakre, Tejas"]
[Result "0-1"]
[WhiteElo "2144"]
[BlackElo "2449"]
[WhiteFideId "-1"]
[WhiteFideId "-1"]
[PlyCount "86"]
[GameId "2160767908347775"]
[EventDate "2017.07.22"]
[EventType "swiss"]
[EventRounds "9"]
[EventCountry "CAN"]

1. d4 Nf6 2. Nf3 d5 3. c4 e6 4. Nc3 Bb4 5. e3 O-O 6. a3 Bxc3+ 7. bxc3 c5 8. Bd3 Nc6 9. O-O Qc7 10. Qe2 Na5 11. Nd2 b6 12. f3 e5 13. cxd5 Nxd5 14. Bb2 Re8 15. Be4 Bb7 16. c4 exd4 17. cxd5 f5 18. d6 Qf7 19. Bxb7 Nxb7 20. e4 Nxd6 21. Qd3 Rad8 22. Rac1 Re7 23. Nc4 Nxc4 24. Rxc4 Rde8 25. Rc2 fxe4 26. fxe4 Qg6 27. Rcf2 Qxe4 28. Qb3+ Qe6 29. Qf3 h6 30. Bc1 c4 31. Qg3 Kh7 32. Rf4 Rd7 33. h4 c3 34. Qd3+ Qg6 35. Qb5 Red8 36. h5 Qc2 37. R4f2 Qe4 38. Rf4 Rd5 39. Qc6 Qe8 40. Qb7 Qd7 41. Qa6 d3 42. Rf7 Qg4 43. R7f4 Qxh5 0-1

[Event "Festival St-Denis"]
[Site "Montreal CAN"]
[Date "2017.07.23"]
[Round "2.6"]
[White "Leveille, Francois"]
[Black "Robichaud, Louis"]
[Result "1-0"]
[WhiteElo "2310"]
[BlackElo "2152"]
[WhiteFideId "-1"]
[WhiteFideId "-1"]
[PlyCount "77"]
[GameId "2160767908347776"]
[EventDate "2017.07.22"]
[EventType "swiss"]
[EventRounds "9"]
[EventCountry "CAN"]

1. d4 Nf6 2. c4 g6 3. Nc3 Bg7 4. e4 d6 5. Nf3 O-O 6. Be2 e5 7. O-O Nc6 8. d5 Ne7 9. Ne1 Nd7 10. Be3 f5 11. f3 f4 12. Bf2 g5 13. Nd3 Nf6 14. c5 Ng6 15. a4 Rf7 16. a5 Bf8 17. cxd6 Bxd6 18. Nc5 Ne8 19. Qb3 Bxc5 20. Bxc5 Nd6 21. Rfc1 h5 22. Nb5 g4 23. a6 bxa6 24. Bxd6 cxd6 25. Nxd6 Qxd6 26. Rc6 Qd8 27. Rxg6+ Kh7 28. Rc6 Rg7 29. fxg4 hxg4 30. Qc3 Bd7 31. Rcxa6 f3 32. Qxe5 Rg5 33. Qf4 fxe2 34. Qf7+ Rg7 35. Qh5+ Kg8 36. Rh6 Kf8 37. Rh8+ Rg8 38. Qh6+ Ke7 39. Rh7+ 1-0

[Event "Festival St-Denis"]
[Site "Montreal CAN"]
[Date "2017.07.23"]
[Round "2.10"]
[White "Haji Ghanbari, Nader"]
[Black "Johnson-Constantin, Mathieu"]
[Result "1/2-1/2"]
[WhiteElo "1859"]
[BlackElo "2048"]
[WhiteFideId "-1"]
[WhiteFideId "-1"]
[PlyCount "114"]
[GameId "2160767908347779"]
[EventDate "2017.07.22"]
[EventType "swiss"]
[EventRounds "9"]
[EventCountry "CAN"]

1. d4 Nf6 2. c4 g6 3. Nc3 d5 4. Nf3 Bg7 5. Bg5 Be6 6. Bxf6 Bxf6 7. cxd5 Bxd5 8. e4 Be6 9. h3 c5 10. d5 Bd7 11. Qb3 Qb6 12. Bc4 Na6 13. e5 Bg7 14. O-O Qxb3 15. axb3 Nb4 16. Nb5 Bxb5 17. Bxb5+ Kf8 18. Rfd1 a6 19. Bf1 Bh6 20. g4 Bf4 21. Bd3 Kg7 22. Be4 Rhd8 23. d6 exd6 24. Rxd6 Rxd6 25. exd6 Bxd6 26. Bxb7 Rb8 27. Be4 Re8 28. Bb7 Re7 29. Bc8 Bf4 30. Ra4 Re2 31. Bxa6 Nxa6 32. Rxf4 Rxb2 33. Ng5 f6 34. Ne6+ Kf7 35. Ng5+ Kg7 36. Ne6+ Kf7 37. Ra4 Kxe6 38. Rxa6+ Kd5 39. Rb6 Kd4 40. Rb5 Rc2 41. Kg2 Rc3 42. Rb7 Kd3 43. h4 Ke4 44. h5 gxh5 45. gxh5 Kf5 46. Rxh7 Rxb3 47. Rg7 Rb4 48. Kg3 Rb1 49. Rd7 Ke6 50. Rc7 Kd6 51. Rc8 Rh1 52. Kg4 Kd5 53. f4 c4 54. Kf5 Rxh5+ 55. Kxf6 Rh6+ 56. Kg7 Rc6 57. Rxc6 Kxc6 1/2-1/2

[Event "Festival St-Denis"]
[Site "Montreal CAN"]
[Date "2017.07.23"]
[Round "2.11"]
[White "Kurtz, Eric M"]
[Black "Joanis, Marc-Andre"]
[Result "1-0"]
[WhiteElo "2033"]
[BlackElo "1849"]
[WhiteFideId "-1"]
[WhiteFideId "-1"]
[PlyCount "123"]
[GameId "2160767908347780"]
[EventDate "2017.07.22"]
[EventType "swiss"]
[EventRounds "9"]
[EventCountry "CAN"]

1. c4 e5 2. g3 Nf6 3. Bg2 c6 4. d4 Bb4+ 5. Bd2 Bxd2+ 6. Qxd2 d6 7. Nc3 O-O 8. e3 Nbd7 9. Nge2 Re8 10. O-O Nf8 11. Rad1 Qe7 12. h3 Bd7 13. Rde1 e4 14. Kh2 d5 15. b3 Ng6 16. Nf4 Be6 17. cxd5 cxd5 18. Nxe6 fxe6 19. Rc1 Rac8 20. Nb5 a6 21. Nc3 b5 22. Qb2 Qb7 23. Ne2 Kf7 24. Rfd1 Rxc1 25. Rxc1 Rc8 26. Rc2 Nd7 27. Qc1 Nb6 28. Rc5 Nf8 29. f3 Nfd7 30. Rxc8 Nxc8 31. fxe4 dxe4 32. Qf1+ Nf6 33. Qf4 Ne7 34. Qe5 Qd5 35. Qc7 Qc6 36. Qxc6 Nxc6 37. Nc3 Nd5 38. Nxe4 Nxe3 39. Ng5+ Kg6 40. Nxe6 Nxg2 41. Kxg2 Kf6 42. Nc7 Nxd4 43. Nxa6 Ke5 44. Kf2 Ke4 45. Nc5+ Kd5 46. Nd3 Ke4 47. Nc5+ Kd5 48. Nd3 Ke4 49. Nb4 h5 50. a4 Nxb3 51. axb5 Kd4 52. Na6 Kd5 53. Ke3 g5 54. Nc7+ Kd6 55. b6 Nc5 56. Ne8+ Kc6 57. Nf6 Kxb6 58. Nxh5 Kc6 59. Kf3 Kd6 60. Kg4 Ne6 61. Kf5 Ke7 62. Kg4 1-0

[Event "Festival St-Denis"]
[Site "Montreal CAN"]
[Date "2017.07.23"]
[Round "2.12"]
[White "Vignalou, Joseph"]
[Black "Marin, Sam"]
[Result "0-1"]
[WhiteElo "1848"]
[BlackElo "2024"]
[WhiteFideId "-1"]
[WhiteFideId "-1"]
[PlyCount "88"]
[GameId "2160767908347781"]
[EventDate "2017.07.22"]
[EventType "swiss"]
[EventRounds "9"]
[EventCountry "CAN"]

1. e4 c5 2. Nf3 Nc6 3. Bb5 Qb6 4. Nc3 e6 5. O-O a6 6. Bxc6 bxc6 7. Qe2 d6 8. a4 a5 9. b3 Ba6 10. d3 e5 11. Nd2 Nf6 12. Nc4 Qc7 13. f4 Nd7 14. Bb2 Be7 15. fxe5 Nxe5 16. Nxe5 dxe5 17. Nd1 O-O 18. Ne3 Rad8 19. Bc3 c4 20. Nxc4 Bc5+ 21. Kh1 Bxc4 22. bxc4 Bd4 23. Qd2 Ra8 24. Bxd4 exd4 25. Rf5 Rfb8 26. c3 g6 27. Rff1 Qe5 28. cxd4 Qxd4 29. Qf2 Qxf2 30. Rxf2 Rb3 31. Rf3 Rd8 32. Kg1 Rdxd3 33. Rxd3 Rxd3 34. Rb1 Rc3 35. Rb8+ Kg7 36. Ra8 Rxc4 37. Rxa5 Kf6 38. e5+ Ke6 39. Kf2 c5 40. Ra6+ Kxe5 41. a5 Ra4 42. Ra8 Kd5 43. a6 Kc6 44. a7 Kb6 0-1

[Event "Festival St-Denis"]
[Site "Montreal CAN"]
[Date "2017.07.23"]
[Round "2.13"]
[White "Gagnon, Boris"]
[Black "Yagiz, Bora"]
[Result "0-1"]
[WhiteElo "1962"]
[BlackElo "1837"]
[WhiteFideId "-1"]
[WhiteFideId "-1"]
[PlyCount "74"]
[GameId "2160767908347782"]
[EventDate "2017.07.22"]
[EventType "swiss"]
[EventRounds "9"]
[EventCountry "CAN"]

1. d4 d6 2. e4 Nf6 3. Nc3 e5 4. Nf3 Nbd7 5. Be2 Be7 6. O-O c6 7. h3 O-O 8. Be3 b5 9. dxe5 dxe5 10. Bd3 Qc7 11. Qe2 a6 12. Rad1 Bb7 13. b3 c5 14. Bd2 Rac8 15. Nd5 Nxd5 16. exd5 f5 17. c4 b4 18. Bb1 Rce8 19. Ng5 Bxg5 20. Bxg5 Qd6 21. Bc1 Bc8 22. Rde1 f4 23. Be4 Nf6 24. f3 Nh5 25. Qc2 Qh6 26. Rf2 Ng3 27. Bb2 g5 28. Bxe5 Bf5 29. Ba1 Qg6 30. Rfe2 Nxe2+ 31. Rxe2 Bxe4 32. fxe4 f3 33. gxf3 Rxf3 34. e5 Qh5 35. Rh2 Ref8 36. Bb2 Rf1+ 37. Kg2 Qf3# 0-1

[Event "Festival St-Denis"]
[Site "Montreal CAN"]
[Date "2017.07.23"]
[Round "2.14"]
[White "Steinberg, Ellis"]
[Black "Gauthier, Denis"]
[Result "0-1"]
[WhiteElo "1815"]
[BlackElo "1944"]
[WhiteFideId "-1"]
[WhiteFideId "-1"]
[PlyCount "110"]
[GameId "2160767908347783"]
[EventDate "2017.07.22"]
[EventType "swiss"]
[EventRounds "9"]
[EventCountry "CAN"]

1. e4 d6 2. Nf3 Nf6 3. d3 c5 4. g3 Nc6 5. Bg2 g6 6. O-O Bg7 7. c3 O-O 8. Re1 Qc7 9. Nbd2 Rb8 10. d4 cxd4 11. Nxd4 a6 12. N2f3 e5 13. Nc2 b5 14. Bg5 h6 15. Bxf6 Bxf6 16. Ne3 Ne7 17. Qd2 Bg7 18. Rad1 Rd8 19. h4 Be6 20. Nh2 Qc8 21. b3 a5 22. c4 Nc6 23. cxb5 Rxb5 24. Rc1 Qb7 25. Bf1 Rb4 26. Bc4 Nd4 27. Bd5 Qa7 28. Kg2 Kh7 29. Rc3 Qe7 30. Rec1 h5 31. Nf3 Bh6 32. Bxe6 fxe6 33. Ng5+ Bxg5 34. hxg5 Rb7 35. Rc8 Qd7 36. Rxd8 Qxd8 37. Nc4 Qf8 38. Nxa5 Qf3+ 39. Kh2 Qxe4 40. Qe3 Nf3+ 41. Kh1 Qxe3 42. fxe3 Ra7 43. b4 Nxg5 44. Rc6 Ne4 45. Kg2 Kg7 46. Kf3 d5 47. Rb6 Rf7+ 48. Kg2 Rf2+ 49. Kg1 Rxa2 50. Rxe6 Nxg3 51. Rxe5 h4 52. Re7+ Kh6 53. Re8 Kg5 54. Nc6 h3 55. Rh8 Rg2# 0-1

[Event "Festival St-Denis"]
[Site "Montreal CAN"]
[Date "2017.07.24"]
[Round "3.1"]
[White "Sambuev, Bator"]
[Black "Leveille, Francois"]
[Result "1-0"]
[WhiteElo "2626"]
[BlackElo "2310"]
[WhiteFideId "-1"]
[WhiteFideId "-1"]
[PlyCount "59"]
[GameId "2160767908347785"]
[EventDate "2017.07.22"]
[EventType "swiss"]
[EventRounds "9"]
[EventCountry "CAN"]

1. Nf3 g6 2. c4 Bg7 3. Nc3 Nf6 4. e4 d6 5. d4 O-O 6. Be2 e5 7. O-O Nc6 8. d5 Ne7 9. Ne1 Nd7 10. Be3 f5 11. f3 f4 12. Bf2 g5 13. Rc1 Ng6 14. c5 Nxc5 15. b4 Na6 16. Nd3 Rf7 17. Nb5 Bd7 18. a4 Qb8 19. Na3 c6 20. dxc6 bxc6 21. b5 cxb5 22. axb5 Nc7 23. Nb4 Bf8 24. Bc4 Be6 25. Na6 Qb7 26. Nxc7 Bxc4 27. Rxc4 d5 28. Qxd5 Qxd5 29. exd5 Rb8 30. b6 1-0

[Event "Festival St-Denis"]
[Site "Montreal CAN"]
[Date "2017.07.24"]
[Round "3.3"]
[White "Bakre, Tejas"]
[Black "Yu, Zong Yang"]
[Result "1-0"]
[WhiteElo "2449"]
[BlackElo "2479"]
[WhiteFideId "-1"]
[WhiteFideId "-1"]
[PlyCount "87"]
[GameId "2160767908347787"]
[EventDate "2017.07.22"]
[EventType "swiss"]
[EventRounds "9"]
[EventCountry "CAN"]

1. e4 c5 2. Nf3 e6 3. d4 cxd4 4. Nxd4 a6 5. Bd3 Nf6 6. O-O Qc7 7. Qe2 d6 8. c4 g6 9. Nc3 Bg7 10. Nf3 O-O 11. Bf4 Nh5 12. Bd2 b6 13. Rac1 Bb7 14. Rfd1 Nd7 15. Bb1 Rac8 16. Bg5 Rfe8 17. Qd2 Bf8 18. Bh6 Be7 19. Ne2 Qb8 20. Ng3 Ndf6 21. Nxh5 Nxh5 22. Qe3 Ba8 23. h3 Rc7 24. Bd3 Rec8 25. Nd4 Nf6 26. Bg5 Qb7 27. Nf3 Ne8 28. Bxe7 Rxe7 29. Qh6 Nf6 30. Ng5 Ree8 31. Bb1 Qe7 32. Rc3 Qf8 33. Qxf8+ Rxf8 34. Rxd6 h6 35. e5 Ne8 36. Nxe6 fxe6 37. Rxe6 Rd8 38. Rxg6+ Ng7 39. Rcg3 Rd1+ 40. Kh2 Rxb1 41. Rxg7+ Kh8 42. f4 Re1 43. R7g6 Kh7 44. e6 1-0

[Event "Festival St-Denis"]
[Site "Montreal CAN"]
[Date "2017.07.24"]
[Round "3.4"]
[White "Huang, Qiuyu"]
[Black "Guipi Bopala, Prince Eric jr"]
[Result "1-0"]
[WhiteElo "2265"]
[BlackElo "1941"]
[WhiteFideId "-1"]
[WhiteFideId "-1"]
[PlyCount "61"]
[GameId "2160767908347788"]
[EventDate "2017.07.22"]
[EventType "swiss"]
[EventRounds "9"]
[EventCountry "CAN"]

1. e4 e5 2. Nf3 Nc6 3. Bc4 Bc5 4. c3 Nf6 5. d3 d6 6. Bb3 O-O 7. Bg5 a6 8. Nbd2 Ba7 9. h3 h6 10. Bh4 Qe7 11. Qe2 Bd7 12. Nf1 Nd8 13. Ne3 c6 14. g4 g5 15. Bg3 Bxe3 16. fxe3 Kg7 17. O-O-O Rh8 18. Bc2 Ne8 19. d4 f6 20. c4 c5 21. Rhf1 b5 22. dxe5 dxe5 23. Nxe5 fxe5 24. Bxe5+ Kg8 25. Qf3 Ne6 26. Bxh8 Kxh8 27. e5 Ra7 28. Qf7 Bc6 29. Qg6 N8c7 30. Rf7 Qxf7 31. Qxf7 1-0

[Event "Festival St-Denis"]
[Site "Montreal CAN"]
[Date "2017.07.24"]
[Round "3.5"]
[White "Voskanyan, Vahagn"]
[Black "Mikhalevski, Victor"]
[Result "0-1"]
[WhiteElo "2255"]
[BlackElo "2600"]
[WhiteFideId "-1"]
[WhiteFideId "-1"]
[PlyCount "84"]
[GameId "2160767908347789"]
[EventDate "2017.07.22"]
[EventType "swiss"]
[EventRounds "9"]
[EventCountry "CAN"]

1. Nf3 Nf6 2. c4 g6 3. g3 Bg7 4. Bg2 d5 5. cxd5 Nxd5 6. O-O Nc6 7. Nc3 Nb6 8. d3 O-O 9. Be3 h6 10. Rc1 e5 11. a4 a5 12. Nd2 Nd4 13. Nde4 c6 14. Nc5 Qe7 15. Nb1 Rd8 16. Re1 Nd5 17. Bd2 Nb4 18. Bxb4 axb4 19. Nd2 Ra7 20. Ncb3 Nf5 21. a5 Be6 22. Qc2 Nd4 23. Nxd4 exd4 24. Ra1 Rda8 25. Nc4 Bxc4 26. dxc4 Rxa5 27. Rxa5 Rxa5 28. Be4 Qd6 29. Rc1 h5 30. h4 g5 31. hxg5 Rxg5 32. Ra1 h4 33. Ra8+ Bf8 34. Qc1 Rg7 35. Kg2 hxg3 36. f3 b3 37. Rc8 Qe6 38. Ra8 f5 39. Qf4 Rf7 40. Qg5+ Kh7 41. Qh5+ Kg7 42. Re8 Qh6 0-1

[Event "Festival St-Denis"]
[Site "Montreal CAN"]
[Date "2017.07.24"]
[Round "3.8"]
[White "Robichaud, Louis"]
[Black "Kurtz, Eric M"]
[Result "1-0"]
[WhiteElo "2152"]
[BlackElo "2033"]
[WhiteFideId "-1"]
[WhiteFideId "-1"]
[PlyCount "81"]
[GameId "2160767908347792"]
[EventDate "2017.07.22"]
[EventType "swiss"]
[EventRounds "9"]
[EventCountry "CAN"]

1. e4 d6 2. d4 Nf6 3. Nc3 g6 4. f4 Bg7 5. Nf3 O-O 6. Bd3 Nc6 7. O-O e5 8. fxe5 dxe5 9. d5 Ne7 10. Bc4 Ne8 11. Qe2 Nd6 12. Bg5 h6 13. Bh4 g5 14. Bg3 Ng6 15. Nd2 a6 16. Qh5 Qe7 17. Be2 Ne8 18. Qf3 Bd7 19. Nc4 Nd6 20. Nxd6 Qxd6 21. Qe3 Nf4 22. Bd3 Rfe8 23. Bf2 b6 24. g3 Qg6 25. Kh1 Nh3 26. Qd2 Nxf2+ 27. Rxf2 b5 28. Nd1 Bf8 29. Ne3 Bc5 30. Raf1 Bh3 31. Rf6 Qg7 32. R1f2 Bd7 33. Be2 Be7 34. Rxf7 Qxf7 35. Rxf7 Kxf7 36. Bh5+ Kg7 37. Bxe8 Rxe8 38. g4 Rh8 39. Nf5+ Bxf5 40. gxf5 Kf6 41. Qc3 1-0

[Event "Festival St-Denis"]
[Site "Montreal CAN"]
[Date "2017.07.24"]
[Round "3.9"]
[White "Abbas, Talal"]
[Black "Saha, Ananda"]
[Result "0-1"]
[WhiteElo "1923"]
[BlackElo "2144"]
[WhiteFideId "-1"]
[WhiteFideId "-1"]
[PlyCount "82"]
[GameId "2160767908347793"]
[EventDate "2017.07.22"]
[EventType "swiss"]
[EventRounds "9"]
[EventCountry "CAN"]

1. d4 d5 2. c4 e6 3. Nc3 Be7 4. cxd5 exd5 5. Bf4 Nf6 6. e3 O-O 7. Bd3 c6 8. Nge2 Re8 9. Qc2 Nbd7 10. O-O Nf8 11. Rad1 Nh5 12. Bg3 Nxg3 13. Nxg3 g6 14. e4 Ne6 15. exd5 cxd5 16. Bb5 Rf8 17. Qb3 Nc7 18. Be2 a6 19. Bf3 Be6 20. Rfe1 Qd7 21. Nf1 Rfd8 22. Ne3 Bf8 23. Rc1 b5 24. Ne2 Bh6 25. Rc3 Rab8 26. Rec1 Na8 27. Rc5 Nb6 28. Rc7 Qe8 29. R1c3 Nc4 30. Nxc4 bxc4 31. Qa3 Bf8 32. Qxa6 Rxb2 33. Rc1 Ra8 34. Ra7 Rab8 35. Nc3 Qd8 36. g3 Qf6 37. Kg2 Qxd4 38. Ne2 Qe5 39. Ra8 Rxa8 40. Qxa8 Rxe2 41. Bxe2 Qxe2 0-1

[Event "Festival St-Denis"]
[Site "Montreal CAN"]
[Date "2017.07.24"]
[Round "3.10"]
[White "Bassel, Charaf"]
[Black "Goldner, John"]
[Result "1-0"]
[WhiteElo "2109"]
[BlackElo "1766"]
[WhiteFideId "-1"]
[WhiteFideId "-1"]
[PlyCount "69"]
[GameId "2160767908347794"]
[EventDate "2017.07.22"]
[EventType "swiss"]
[EventRounds "9"]
[EventCountry "CAN"]

1. d4 Nf6 2. c4 g6 3. g3 c5 4. d5 d6 5. Nc3 Bg7 6. Bg2 O-O 7. e4 Re8 8. Nge2 a6 9. O-O Nbd7 10. f4 Rb8 11. a4 b6 12. h3 Qc7 13. g4 b5 14. cxb5 c4 15. Nd4 Qa7 16. Be3 Bh8 17. Bf2 Qc7 18. Nc6 Bb7 19. Nxb8 Rxb8 20. Bd4 Nc5 21. g5 Nb3 22. gxf6 Nxd4 23. Qxd4 Bxf6 24. Qe3 Bc8 25. Rfe1 Bg7 26. e5 Bf5 27. bxa6 Rxb2 28. Nb5 Qc8 29. exd6 e6 30. dxe6 Rxg2+ 31. Kxg2 Qc6+ 32. Qf3 Bxh3+ 33. Kg3 Qxf3+ 34. Kxf3 fxe6 35. a7 1-0

[Event "Festival St-Denis"]
[Site "Montreal CAN"]
[Date "2017.07.24"]
[Round "3.11"]
[White "Nica, Ion"]
[Black "Durette, Francis"]
[Result "0-1"]
[WhiteElo "1743"]
[BlackElo "2094"]
[WhiteFideId "-1"]
[WhiteFideId "-1"]
[PlyCount "144"]
[GameId "2160767908347795"]
[EventDate "2017.07.22"]
[EventType "swiss"]
[EventRounds "9"]
[EventCountry "CAN"]

1. d4 Nf6 2. Nc3 g6 3. Bg5 Bg7 4. Qd2 d6 5. e4 O-O 6. Bc4 Nc6 7. f3 Na5 8. Bd3 c5 9. dxc5 dxc5 10. e5 Nd7 11. f4 f6 12. exf6 exf6 13. Bh4 Re8+ 14. Nge2 Qb6 15. Bf2 f5 16. O-O Qd8 17. Rad1 a6 18. a4 Kh8 19. b3 Nf6 20. Bxc5 b6 21. Bf2 Bb7 22. b4 Nc6 23. b5 Nb4 24. bxa6 Nxa6 25. Bxa6 Bxa6 26. Qxd8 Raxd8 27. Rxd8 Rxd8 28. Bxb6 Re8 29. Re1 Ng4 30. Bf2 Rc8 31. h3 Nxf2 32. Kxf2 Bxc3 33. Nxc3 Rxc3 34. Re8+ Kg7 35. Re7+ Kh6 36. g4 fxg4 37. hxg4 Bc8 38. g5+ Kh5 39. Rxh7+ Kg4 40. Rg7 Bf5 41. a5 Kxf4 42. a6 Rxc2+ 43. Ke1 Ra2 44. a7 Kxg5 45. Re7 Kf6 46. Rc7 Ke6 47. Rg7 Kd6 48. Rf7 Kc6 49. Rf6+ Kb7 50. Rf7+ Ka8 51. Kf1 Rxa7 52. Rf8+ Kb7 53. Kf2 Ra3 54. Rf6 Kc7 55. Ke2 Kd7 56. Kf2 Ke7 57. Rb6 Kf7 58. Rc6 Kg7 59. Rb6 Kh6 60. Rd6 Kg5 61. Rd4 Bg4 62. Rd5+ Kh4 63. Rd4 Ra2+ 64. Ke1 Kg3 65. Rd3+ Bf3 66. Rb3 Re2+ 67. Kf1 Rd2 68. Rb1 Rd1+ 69. Rxd1 Bxd1 70. Kg1 Be2 71. Kh1 Kf2 72. Kh2 g5 0-1

[Event "Festival St-Denis"]
[Site "Montreal CAN"]
[Date "2017.07.24"]
[Round "3.12"]
[White "Yagiz, Bora"]
[Black "Johnson-Constantin, Mathieu"]
[Result "0-1"]
[WhiteElo "1837"]
[BlackElo "2048"]
[WhiteFideId "-1"]
[WhiteFideId "-1"]
[PlyCount "83"]
[GameId "2160767908347796"]
[EventDate "2017.07.22"]
[EventType "swiss"]
[EventRounds "9"]
[EventCountry "CAN"]

1. e4 e6 2. d3 d5 3. Qe2 Be7 4. Nf3 Nf6 5. e5 Nfd7 6. g3 c5 7. Bg2 Nc6 8. O-O O-O 9. c4 d4 10. h4 Rb8 11. Bf4 a6 12. Nbd2 b5 13. Nh2 Bb7 14. b3 Nb6 15. Ne4 bxc4 16. bxc4 Na4 17. Qg4 Kh8 18. Nf3 Nc3 19. Neg5 Qe8 20. Qh5 h6 21. Nd2 Nd8 22. Nge4 f5 23. Qxe8 Ne2+ 24. Kh2 Rxe8 25. Nd6 Bxd6 26. exd6 Nxf4 27. gxf4 Bxg2 28. Kxg2 Nf7 29. d7 Red8 30. Nb3 Rxd7 31. Nxc5 Rd6 32. Rfe1 Nd8 33. Rab1 Rbb6 34. Rb3 Kg8 35. Reb1 Rbc6 36. Nb7 Nxb7 37. Rxb7 h5 38. a4 Kf8 39. a5 e5 40. fxe5 Rg6+ 41. Kf3 Rg4 42. Rd7 0-1

[Event "Festival St-Denis"]
[Site "Montreal CAN"]
[Date "2017.07.24"]
[Round "3.15"]
[White "Joanis, Marc-Andre"]
[Black "Steinberg, Ellis"]
[Result "1/2-1/2"]
[WhiteElo "1849"]
[BlackElo "1815"]
[WhiteFideId "-1"]
[WhiteFideId "-1"]
[PlyCount "102"]
[GameId "2160767908347798"]
[EventDate "2017.07.22"]
[EventType "swiss"]
[EventRounds "9"]
[EventCountry "CAN"]

1. c4 Nf6 2. Nc3 g6 3. g3 Bg7 4. Bg2 O-O 5. e4 d6 6. Nge2 Nc6 7. O-O e5 8. d3 Nd7 9. Be3 Nc5 10. d4 exd4 11. Nxd4 Nxd4 12. Bxd4 a5 13. Bxg7 Kxg7 14. Qd4+ f6 15. Rfd1 Be6 16. b3 Qe7 17. Nb5 Rad8 18. Qc3 b6 19. Nd4 Bd7 20. Re1 Kg8 21. Rad1 Qg7 22. Nc2 Rde8 23. f3 f5 24. Qxg7+ Kxg7 25. exf5 Bxf5 26. Ne3 Be6 27. f4 Rf7 28. Bd5 Rfe7 29. Bc6 Bd7 30. Bxd7 Nxd7 31. Nc2 Rxe1+ 32. Rxe1 Rxe1+ 33. Nxe1 Nc5 34. Kf2 Ne4+ 35. Ke3 Nc3 36. a4 Na2 37. Nd3 Kf6 38. g4 Ke6 39. Kd2 d5 40. c5 d4 41. cxb6 cxb6 42. Ne5 Nb4 43. Nf3 Kd5 44. Ng5 h6 45. Nf7 Ke4 46. f5 gxf5 47. Nd6+ Kf4 48. Nxf5 h5 49. h3 hxg4 50. hxg4 Kxg4 51. Nxd4 Kf4 1/2-1/2

[Event "Festival St-Denis"]
[Site "Montreal CAN"]
[Date "2017.07.25"]
[Round "4.2"]
[White "Mikhalevski, Victor"]
[Black "Bakre, Tejas"]
[Result "1/2-1/2"]
[WhiteElo "2600"]
[BlackElo "2449"]
[WhiteFideId "-1"]
[WhiteFideId "-1"]
[PlyCount "49"]
[GameId "2160767908347800"]
[EventDate "2017.07.22"]
[EventType "swiss"]
[EventRounds "9"]
[EventCountry "CAN"]

1. d4 d5 2. c4 c6 3. Nf3 Nf6 4. Nc3 dxc4 5. a4 e6 6. e3 c5 7. Bxc4 Nc6 8. O-O cxd4 9. Nxd4 Nxd4 10. exd4 Be7 11. Qf3 O-O 12. Rd1 Qc7 13. Bd3 Bd7 14. Bf4 Qb6 15. a5 Qb4 16. a6 Bc6 17. Qh3 g6 18. Be5 Nd7 19. Bc7 bxa6 20. Bxa6 Nb6 21. Be5 Nd7 22. Bc7 Nb6 23. Be5 Nd7 24. Bf4 Nf6 25. Be5 1/2-1/2

[Event "Festival St-Denis"]
[Site "Montreal CAN"]
[Date "2017.07.25"]
[Round "4.3"]
[White "Leveille, Francois"]
[Black "Huang, Qiuyu"]
[Result "1/2-1/2"]
[WhiteElo "2310"]
[BlackElo "2265"]
[WhiteFideId "-1"]
[WhiteFideId "-1"]
[PlyCount "37"]
[GameId "2160767908347801"]
[EventDate "2017.07.22"]
[EventType "swiss"]
[EventRounds "9"]
[EventCountry "CAN"]

1. Nf3 d5 2. g3 Nf6 3. Bg2 e6 4. O-O Be7 5. c4 O-O 6. d4 c6 7. Qc2 b6 8. b3 Nbd7 9. Bb2 a5 10. Nbd2 Bb7 11. Rfd1 a4 12. bxa4 Ra5 13. Bc3 Ra7 14. Rab1 c5 15. a5 bxa5 16. Ne5 Ba8 17. Qa4 Qc7 18. Nxd7 Nxd7 19. Rdc1 1/2-1/2

[Event "Festival St-Denis"]
[Site "Montreal CAN"]
[Date "2017.07.25"]
[Round "4.4"]
[White "Saha, Ananda"]
[Black "Yu, Zong Yang"]
[Result "1/2-1/2"]
[WhiteElo "2144"]
[BlackElo "2479"]
[WhiteFideId "-1"]
[WhiteFideId "-1"]
[PlyCount "98"]
[GameId "2160767908347802"]
[EventDate "2017.07.22"]
[EventType "swiss"]
[EventRounds "9"]
[EventCountry "CAN"]

1. Nf3 Nf6 2. d4 g6 3. c3 Bg7 4. Nbd2 d5 5. g3 O-O 6. Bg2 Nbd7 7. O-O c5 8. Re1 b6 9. e4 dxe4 10. Nxe4 Nxe4 11. Rxe4 Bb7 12. Re1 cxd4 13. Nxd4 Bxg2 14. Kxg2 Ne5 15. Nf3 Nd3 16. Re2 e5 17. Rd2 e4 18. Ne1 Qd5 19. Nxd3 e3+ 20. Qf3 exd2 21. Qxd5 d1=Q 22. Qf3 Qxf3+ 23. Kxf3 Rfd8 24. Ke2 Rac8 25. Be3 Rd5 26. Nb4 Rd7 27. a4 Bf8 28. Nc2 h5 29. Nd4 a6 30. Kf3 f6 31. h3 Kh7 32. g4 Rd5 33. Ne6 Bc5 34. Nd4 a5 35. Ra2 Kg8 36. Ra1 Kf7 37. Ra2 h4 38. Ra1 Re8 39. Rb1 Bxd4 40. Bxd4 b5 41. axb5 Rxb5 42. Ra1 Re6 43. c4 Rb4 44. Rxa5 Rxc4 45. Bc3 g5 46. Ra7+ Kg6 47. Kg2 Re2 48. Kf1 Rc2 49. Rd7 R4xc3 1/2-1/2

[Event "Festival St-Denis"]
[Site "Montreal CAN"]
[Date "2017.07.25"]
[Round "4.8"]
[White "Durette, Francis"]
[Black "Guipi Bopala, Prince Eric jr"]
[Result "1-0"]
[WhiteElo "2094"]
[BlackElo "1941"]
[WhiteFideId "-1"]
[WhiteFideId "-1"]
[PlyCount "101"]
[GameId "2160767908347806"]
[EventDate "2017.07.22"]
[EventType "swiss"]
[EventRounds "9"]
[EventCountry "CAN"]

1. c4 e6 2. d4 d5 3. g3 f5 4. Bg2 Nf6 5. Nf3 c6 6. O-O Bd6 7. Nc3 O-O 8. b3 Ne4 9. Bb2 Bd7 10. e3 Be8 11. Ne5 Nd7 12. Nxe4 Bxe5 13. dxe5 fxe4 14. Ba3 Rf5 15. Bh3 Bh5 16. Qc2 Nxe5 17. Bxf5 Nf3+ 18. Kg2 exf5 19. Rh1 Ng5 20. Rhc1 Qd7 21. cxd5 f4 22. f3 Qh3+ 23. Kg1 fxg3 24. Qg2 gxh2+ 25. Kf2 Qh4+ 26. Qg3 Nh3+ 27. Kg2 h1=Q+ 28. Rxh1 Bxf3+ 29. Kh2 Qxg3+ 30. Kxg3 Bxh1 31. Rxh1 Ng5 32. Be7 Nf7 33. d6 Ne5 34. Rf1 Nd7 35. Rf5 g6 36. Rf1 a5 37. Kf4 Nc5 38. Ke5 b6 39. a3 Nxb3 40. d7 Nd2 41. Rf8+ Rxf8 42. Bxf8 Nc4+ 43. Ke6 Kxf8 44. d8=Q+ Kg7 45. Qd4+ Kh6 46. Qxc4 g5 47. Qxe4 c5 48. Qg4 Kg6 49. Qf5+ Kh5 50. Kf6 h6 51. Qh3# 1-0

[Event "Festival St-Denis"]
[Site "Montreal CAN"]
[Date "2017.07.25"]
[Round "4.10"]
[White "Goldner, John"]
[Black "Voskanyan, Vahagn"]
[Result "0-1"]
[WhiteElo "1766"]
[BlackElo "2255"]
[WhiteFideId "-1"]
[WhiteFideId "-1"]
[PlyCount "110"]
[GameId "2160767908347807"]
[EventDate "2017.07.22"]
[EventType "swiss"]
[EventRounds "9"]
[EventCountry "CAN"]

1. e4 c6 2. d4 d5 3. e5 Bf5 4. h4 h5 5. c4 dxc4 6. Bxc4 e6 7. Nc3 Nd7 8. Nge2 Nb6 9. Bb3 Ne7 10. Bg5 Qd7 11. Qd2 Ned5 12. O-O Nxc3 13. bxc3 c5 14. Ng3 Bg6 15. a4 a5 16. Qe2 Rc8 17. dxc5 Bxc5 18. Rad1 Qc6 19. Kh1 Nxa4 20. Bxa4 Qxa4 21. f4 Be7 22. Bxe7 Kxe7 23. f5 Qxh4+ 24. Kg1 Qxg3 25. fxg6 Qxg6 26. Qb5 Rc7 27. Qxa5 Rhc8 28. Qb4+ Ke8 29. Rf3 Qg5 30. Qb5+ Rc6 31. Qxb7 Qe7 32. Qb5 Qc5+ 33. Qxc5 Rxc5 34. Rdf1 R8c7 35. Rb1 Rxc3 36. Rxc3 Rxc3 37. Rb8+ Kd7 38. Rb7+ Rc7 39. Rb6 g6 40. Rb5 Kc6 41. Ra5 Kb6 42. Ra8 Kc6 43. Ra5 Kd7 44. Kf2 Rc3 45. Ra7+ Ke8 46. Ra8+ Ke7 47. Ra7+ Kf8 48. Ra5 Rd3 49. Ra2 Kg7 50. g3 g5 51. Ra4 Kg6 52. Kg2 Rd5 53. Re4 Kf5 54. Re2 Rxe5 55. Rf2+ Kg6 0-1